Word Ladder: LOTR Plot Spoiler Quiz Stats

 Plays Quiz Updated Aug 7, 2012

Support Sporcle.
Go Orange.
Score 0/37 Timer 03:00
0 Plays Today
Ⓞ HINT Ⓞ Ⓞ WORD Ⓞ % Correct
Ⓞ ____ SIDE OF THE MOON ⓄⓄ DARK Ⓞ
96.9%
Ⓞ U ____ TOUCH THIS ⓄⓄ CAN'T Ⓞ
95%
Better late ____ neverTHAN
93.1%
Ⓞ THE ____ IS MY SHEPHERD ⓄⓄ LORD Ⓞ
92.7%
Ⓞ ____ 70'S SHOW ⓄⓄ THAT Ⓞ
91.9%
Tarot, business, or greeting ____CARD
90.4%
Walking stickCANE
89.8%
Carefree songbirdLARK
87.6%
At that timeTHEN
86.7%
Crisco alternativeLARD
86.5%
Diminish, like the moonWANE
85.1%
Sasquatch, or Big ____FOOT
84.3%
Ⓞ DISCOVER ⓄⓄ FIND Ⓞ
83.1%
Shopper's wainCART
82.6%
Firewood quantityCORD
82.4%
Ⓞ LIKE SOME OLYMPIC MEDALS ⓄⓄ GOLD Ⓞ
82.3%
Pouilly-Fuissé or Pinot grisWINE
82%
Break Like The ____WIND
81.2%
GroceriesFOOD
78.9%
Ⓞ HINT Ⓞ Ⓞ WORD Ⓞ % Correct
High schoolerTEEN
76%
____ du Lac, WisconsinFOND
72.5%
Heavy jacketCOAT
71.9%
Pottery ____BARN
71.7%
Ⓞ THOSE ____ CATS ⓄⓄ DARN Ⓞ
71.6%
Fireside gab sessionCHAT
70.9%
Brash or daringBOLD
69.8%
Brit subway warning; '____ The Gap'MIND
69%
Like Yul Brynner or Michael JordanBALD
64.7%
Ducky pond dabblerCOOT
62.6%
MinstrelBARD
61.9%
Notable Chinese vase eraMING
61.5%
Seagull relativeTERN
57.6%
Actor Bruce ____DERN
54.9%
Not at all brash or daringMILD
50.3%
CastrateGELD
47.5%
Vulcan Mind ____MELD
47.3%
Ⓞ KIND OF BOLOGNA OR TONE ⓄⓄ RING Ⓞ
38.1%

Today's Daily Dose

You're not logged in!

Compare scores with friends on all Sporcle quizzes.
OR
Log In
Forgot?

From the Vault

'Mary Tyler Moore Show' Cast Photo

by sproutcm

R.I.P. Mary Tyler Moore (1936-2017).
Remove Ads.
Support Sporcle.
Get the best of Sporcle when you Go Orange. This ad-free experience offers more features, more stats, and more fun while also helping to support Sporcle. Thank you for becoming a member.

Show Comments

Extras

Top Quizzes Today


Score Distribution

Your Account Isn't Verified!

In order to create a playlist on Sporcle, you need to verify the email address you used during registration. Go to your Sporcle Settings to finish the process.

Report this User

Report this user for behavior that violates our Community Guidelines.

Details: